|
|
|
|
| LEADER |
00836nz a2200337n 4500 |
| 001 |
000057921 |
| 003 |
SVKKK |
| 005 |
20071214113416.0 |
| 008 |
060215|n|annnnaabn | a|c |
| FMT |
|
|
|
| 040 |
|
|
|a SVKKK
|b slo
|e AACR2
|
| 080 |
|
|
|a 069
|
| 100 |
1 |
|
|a Sabol, Eugen,
|d 1914-1989
|
| 670 |
|
|
|a Významné osobnosti z dejín Východoslovenského múzea: Eugen Sabol
|
| 678 |
0 |
|
|a Narodený 24.08.1914 Košice, zomrel 10.1989 Košice. Múzejník
|
| 909 |
|
|
|a SK
|
| 971 |
|
|
|
| 972 |
|
|
|
| 973 |
|
|
|
| 975 |
|
|
|
| 978 |
|
|
|
| 979 |
|
|
|
| 981 |
|
|
|
| 993 |
|
|
|
| 994 |
|
|
|
| 994 |
|
|
|
| 994 |
|
|
|
| 994 |
|
|
|
| 995 |
|
|
|a Duchoň, J.
|c Významné osobnosti z dejín Východoslovenského múzea: Eugen Sabol
|d In: Východoslovenské múzeum v Košiciach. - Košice: VM, 2002. - S. 42
|
| BAS |
|
|
|
| 998 |
|
|
|a REOS
|